000 00258nam a2200109Ia 4500
008 240625s9999 xx 000 0 und d
041 _aeng
082 _a658 NAI
100 _aNAIR VIJAY
245 _aBOSS IS NOT YOUR FRIEND A HANDBOOK FOR I
365 _cRS
_b5
999 _c32822
_d32822